000 00765nam a2200253 4500
999 _c7345
_d7345
001 1268944
003 GBCCL
005 20241126110625.0
008 700106s1969 enkabf 001 0 eng
010 _a 74434474
015 _aB69-23183
020 _a0715604473
040 _aDLC
_cDLC
_dDLC
050 0 0 _aDS107.4
_b.H344
082 0 0 _a915.694045
_bHAS
100 1 _aHaswell, John Hirst Winn.
_912994
245 1 3 _aAn introduction to the Holy Land,
_bbased on modern tour routes
_c[by] J. H. Winn Haswell.
260 _aLondon,
_bDuckworth,
_c1969.
300 _axii, 140 p.
_b27 plates, illus., maps.
_c23 cm.
350 _a42/-
651 0 _aPalestine
_xDescription and travel.
_9286
906 _a7
_bcbc
_corignew
_du
_encip
_f19
_gy-gencatlg
942 _2ddc
_cBK